| 000 | 00703nam a2200205 a 4500 | ||
|---|---|---|---|
| 005 | 20230929063846.0 | ||
| 008 | 991125s1962 mx 000 0 spa u | ||
| 035 | _aUPN01000005142 | ||
| 049 | _aF | ||
| 050 | 4 |
_aLB1043 _bA4.2 |
|
| 100 | 1 | _aAlatorre Villalpando, María de los Dolores | |
| 245 | 1 | 4 |
_aLos auxiliares audiovisuales en la enseñanza de la historia de México / _cMa. de los Dolores Alatorre Villalpando. |
| 260 |
_aMonterrey : _bM. D. Alatorre Villalpando, _c1962. |
||
| 300 | _a39 h. | ||
| 650 | 4 |
_aAPARATOS AUDIOVISUALES _9230 |
|
| 650 | 4 |
_aMateriales didácticos _97263 |
|
| 651 | 4 |
_aMéxico _xHistoria _xEstudio y enseñanza (Secundaria) _99913 |
|
| 905 | _aLibro | ||
| 999 |
_c5142 _d5142 |
||